000
00242nam a22001097a 4500
003
OSt
008
221031b |||||||| |||| 00| 0 eng d
041
_a
eng
082
_a
621.84
_b
UNI
245
_a
Universal value equivalents vol IV
942
_c
BK
999
_c
17562
_d
17562